<?xml version="1.0" encoding="UTF-8"?>
<record
    xmlns:xsi="http://www.w3.org/2001/XMLSchema-instance"
    xsi:schemaLocation="http://www.loc.gov/MARC21/slim http://www.loc.gov/standards/marcxml/schema/MARC21slim.xsd"
    xmlns="http://www.loc.gov/MARC21/slim">

  <leader>00983cam a2200241 a 4500</leader>
  <controlfield tag="003">OSt</controlfield>
  <controlfield tag="005">20160827154934.0</controlfield>
  <controlfield tag="008">970618s1998    enk      bd   001 0 eng  </controlfield>
  <datafield tag="020" ind1=" " ind2=" ">
    <subfield code="a">9780631214823</subfield>
  </datafield>
  <datafield tag="040" ind1=" " ind2=" ">
    <subfield code="a">DLC</subfield>
    <subfield code="c">DLC</subfield>
    <subfield code="d">DLC</subfield>
    <subfield code="b">ara</subfield>
  </datafield>
  <datafield tag="082" ind1="0" ind2="0">
    <subfield code="a">418.003</subfield>
    <subfield code="2">21</subfield>
    <subfield code="b">END</subfield>
  </datafield>
  <datafield tag="245" ind1="0" ind2="0">
    <subfield code="a">Encyclopedic dictionary of applied linguistics :</subfield>
    <subfield code="b">a handbook for language teaching /</subfield>
    <subfield code="c">edited by Keith Johnson and Helen Johnson.</subfield>
  </datafield>
  <datafield tag="250" ind1=" " ind2=" ">
    <subfield code="a">&#x637;. 1.</subfield>
  </datafield>
  <datafield tag="260" ind1=" " ind2=" ">
    <subfield code="a">Oxford, UK ;</subfield>
    <subfield code="a">Cambridge, Mass. :</subfield>
    <subfield code="b">Blackwell Publishers,</subfield>
    <subfield code="c">1998 (1999 printing).</subfield>
  </datafield>
  <datafield tag="300" ind1=" " ind2=" ">
    <subfield code="a">viii, 389 p. ;</subfield>
    <subfield code="c">25 cm.</subfield>
  </datafield>
  <datafield tag="504" ind1=" " ind2=" ">
    <subfield code="a">Includes bibliographical references and index.</subfield>
  </datafield>
  <datafield tag="650" ind1=" " ind2="0">
    <subfield code="a">Applied linguistics</subfield>
    <subfield code="v">Dictionaries.</subfield>
    <subfield code="9">48227</subfield>
  </datafield>
  <datafield tag="700" ind1="1" ind2=" ">
    <subfield code="a">Johnson, Keith,</subfield>
    <subfield code="d">1944-</subfield>
    <subfield code="9">44829</subfield>
  </datafield>
  <datafield tag="700" ind1="1" ind2=" ">
    <subfield code="a">Johnson, Helen.</subfield>
    <subfield code="9">56360</subfield>
  </datafield>
  <datafield tag="942" ind1=" " ind2=" ">
    <subfield code="c">BOOK</subfield>
  </datafield>
  <datafield tag="999" ind1=" " ind2=" ">
    <subfield code="c">39719</subfield>
    <subfield code="d">274219</subfield>
  </datafield>
  <datafield tag="952" ind1=" " ind2=" ">
    <subfield code="1">0</subfield>
    <subfield code="2">2016-08-27</subfield>
    <subfield code="4">0</subfield>
    <subfield code="7">0</subfield>
    <subfield code="a">418.003 END</subfield>
    <subfield code="d">2016-08-27</subfield>
    <subfield code="h">CL</subfield>
    <subfield code="i">00654769</subfield>
    <subfield code="m">CL</subfield>
    <subfield code="q">2018-03-08</subfield>
    <subfield code="r">2018-09-03 00:00:00</subfield>
    <subfield code="t">BOOK</subfield>
    <subfield code="w">ddc</subfield>
    <subfield code="y">1</subfield>
  </datafield>
  <datafield tag="952" ind1=" " ind2=" ">
    <subfield code="1">0</subfield>
    <subfield code="2">2016-08-27</subfield>
    <subfield code="4">0</subfield>
    <subfield code="7">0</subfield>
    <subfield code="a">418.003 END</subfield>
    <subfield code="d">2016-08-27</subfield>
    <subfield code="h">CL</subfield>
    <subfield code="i">00654770</subfield>
    <subfield code="m">CL</subfield>
    <subfield code="r">2016-08-27 00:00:00</subfield>
    <subfield code="t">BOOK</subfield>
    <subfield code="w">ddc</subfield>
    <subfield code="y">0</subfield>
  </datafield>
  <datafield tag="952" ind1=" " ind2=" ">
    <subfield code="1">0</subfield>
    <subfield code="2">2016-08-27</subfield>
    <subfield code="4">0</subfield>
    <subfield code="7">0</subfield>
    <subfield code="a">418.003 END</subfield>
    <subfield code="d">2016-08-27</subfield>
    <subfield code="h">CL</subfield>
    <subfield code="i">00654771</subfield>
    <subfield code="m">CL</subfield>
    <subfield code="r">2016-08-27 00:00:00</subfield>
    <subfield code="t">BOOK</subfield>
    <subfield code="w">ddc</subfield>
    <subfield code="y">0</subfield>
  </datafield>
  <datafield tag="952" ind1=" " ind2=" ">
    <subfield code="1">0</subfield>
    <subfield code="2">2016-08-27</subfield>
    <subfield code="4">0</subfield>
    <subfield code="7">0</subfield>
    <subfield code="a">418.003 END</subfield>
    <subfield code="d">2016-08-27</subfield>
    <subfield code="h">SZM</subfield>
    <subfield code="i">00654772</subfield>
    <subfield code="m">SZM</subfield>
    <subfield code="r">2016-08-27 00:00:00</subfield>
    <subfield code="t">BOOK</subfield>
    <subfield code="w">ddc</subfield>
    <subfield code="y">0</subfield>
  </datafield>
  <datafield tag="952" ind1=" " ind2=" ">
    <subfield code="1">0</subfield>
    <subfield code="2">2016-08-27</subfield>
    <subfield code="4">0</subfield>
    <subfield code="7">0</subfield>
    <subfield code="a">418.003 END</subfield>
    <subfield code="d">2016-08-27</subfield>
    <subfield code="h">SZM</subfield>
    <subfield code="i">00654773</subfield>
    <subfield code="m">SZM</subfield>
    <subfield code="r">2016-08-27 00:00:00</subfield>
    <subfield code="t">BOOK</subfield>
    <subfield code="w">ddc</subfield>
    <subfield code="y">0</subfield>
  </datafield>
  <datafield tag="952" ind1=" " ind2=" ">
    <subfield code="1">0</subfield>
    <subfield code="2">2016-08-27</subfield>
    <subfield code="4">0</subfield>
    <subfield code="7">0</subfield>
    <subfield code="a">418.003 END</subfield>
    <subfield code="d">2016-08-27</subfield>
    <subfield code="h">SZM</subfield>
    <subfield code="i">00654774</subfield>
    <subfield code="m">SZM</subfield>
    <subfield code="r">2016-08-27 00:00:00</subfield>
    <subfield code="t">BOOK</subfield>
    <subfield code="w">ddc</subfield>
    <subfield code="y">0</subfield>
  </datafield>
  <datafield tag="952" ind1=" " ind2=" ">
    <subfield code="1">0</subfield>
    <subfield code="2">2016-08-27</subfield>
    <subfield code="4">0</subfield>
    <subfield code="7">0</subfield>
    <subfield code="a">418.003 END</subfield>
    <subfield code="d">2016-08-27</subfield>
    <subfield code="h">SGF</subfield>
    <subfield code="i">00654858</subfield>
    <subfield code="m">SGF</subfield>
    <subfield code="o">1</subfield>
    <subfield code="q">2019-01-09</subfield>
    <subfield code="r">2022-09-28 00:00:00</subfield>
    <subfield code="t">BOOK</subfield>
    <subfield code="w">ddc</subfield>
    <subfield code="y">1</subfield>
  </datafield>
  <datafield tag="952" ind1=" " ind2=" ">
    <subfield code="1">0</subfield>
    <subfield code="2">2016-08-27</subfield>
    <subfield code="4">0</subfield>
    <subfield code="7">0</subfield>
    <subfield code="a">418.003 END</subfield>
    <subfield code="d">2016-08-27</subfield>
    <subfield code="h">SGF</subfield>
    <subfield code="i">00654859</subfield>
    <subfield code="m">SGF</subfield>
    <subfield code="r">2016-08-27 00:00:00</subfield>
    <subfield code="t">BOOK</subfield>
    <subfield code="w">ddc</subfield>
    <subfield code="y">0</subfield>
  </datafield>
  <datafield tag="952" ind1=" " ind2=" ">
    <subfield code="1">0</subfield>
    <subfield code="2">2016-08-27</subfield>
    <subfield code="4">0</subfield>
    <subfield code="7">0</subfield>
    <subfield code="a">418.003 END</subfield>
    <subfield code="d">2016-08-27</subfield>
    <subfield code="h">IC</subfield>
    <subfield code="i">00654910</subfield>
    <subfield code="m">IC</subfield>
    <subfield code="r">2016-08-27 00:00:00</subfield>
    <subfield code="t">BOOK</subfield>
    <subfield code="w">ddc</subfield>
    <subfield code="y">0</subfield>
  </datafield>
  <datafield tag="952" ind1=" " ind2=" ">
    <subfield code="1">0</subfield>
    <subfield code="2">2016-08-27</subfield>
    <subfield code="4">0</subfield>
    <subfield code="7">0</subfield>
    <subfield code="a">418.003 END</subfield>
    <subfield code="d">2016-08-27</subfield>
    <subfield code="h">IC</subfield>
    <subfield code="i">00654911</subfield>
    <subfield code="m">IC</subfield>
    <subfield code="r">2016-08-27 00:00:00</subfield>
    <subfield code="t">BOOK</subfield>
    <subfield code="w">ddc</subfield>
    <subfield code="y">0</subfield>
  </datafield>
  <datafield tag="952" ind1=" " ind2=" ">
    <subfield code="1">0</subfield>
    <subfield code="2">2016-08-27</subfield>
    <subfield code="4">0</subfield>
    <subfield code="7">0</subfield>
    <subfield code="a">418.003 END</subfield>
    <subfield code="d">2016-08-27</subfield>
    <subfield code="h">SHM</subfield>
    <subfield code="i">00654912</subfield>
    <subfield code="m">SHM</subfield>
    <subfield code="r">2016-08-27 00:00:00</subfield>
    <subfield code="t">BOOK</subfield>
    <subfield code="w">ddc</subfield>
    <subfield code="y">0</subfield>
  </datafield>
  <datafield tag="952" ind1=" " ind2=" ">
    <subfield code="1">0</subfield>
    <subfield code="2">2016-08-27</subfield>
    <subfield code="4">0</subfield>
    <subfield code="7">0</subfield>
    <subfield code="a">418.003 END</subfield>
    <subfield code="d">2016-08-27</subfield>
    <subfield code="h">SHM</subfield>
    <subfield code="i">00654913</subfield>
    <subfield code="m">SHM</subfield>
    <subfield code="r">2016-08-27 00:00:00</subfield>
    <subfield code="t">BOOK</subfield>
    <subfield code="w">ddc</subfield>
    <subfield code="y">0</subfield>
  </datafield>
</record>
